ARRUPE JESUIT UNIVERSITY

CORONAVIRUS -STOP THE SPREAD - CLEAN,DISINFECT,COVER

Called to service / (Record no. 131548)

MARC details
000 -LEADER
fixed length control field 00990cam a2200301 i 4500
001 - CONTROL NUMBER
control field 4108967
003 - CONTROL NUMBER IDENTIFIER
control field ARRUPE
005 - DATE AND TIME OF LATEST TRANSACTION
control field 20221121113635.0
008 - FIXED-LENGTH DATA ELEMENTS--GENERAL INFORMATION
fixed length control field 760417s1976 nmu b 000 0 eng
010 ## - LIBRARY OF CONGRESS CONTROL NUMBER
LC control number 75041813
020 ## - INTERNATIONAL STANDARD BOOK NUMBER
International Standard Book Number 0809119218 :
Terms of availability $3.95
028 ## - PUBLISHER NUMBER
Source Arrupe
040 ## - CATALOGING SOURCE
Original cataloging agency DLC
Transcribing agency DLC
Modifying agency DLC
050 00 - LIBRARY OF CONGRESS CALL NUMBER
Classification number BX2350.2
Item number .L24 1976
082 00 - DEWEY DECIMAL CLASSIFICATION NUMBER
Classification number 248/.48/2
300 ## - PHYSICAL DESCRIPTION
Dimensions 22 cm.
100 1# - MAIN ENTRY--PERSONAL NAME
Personal name Lange, Joseph.
9 (RLIN) 51880
245 10 - TITLE STATEMENT
Title Called to service /
Statement of responsibility, etc by Joseph Lange and Anthony J. Cushing.
260 ## - PUBLICATION, DISTRIBUTION, ETC. (IMPRINT)
Place of publication, distribution, etc Pecos, N.M. :
Name of publisher, distributor, etc Dove Publications,
Date of publication, distribution, etc c1976.
300 ## - PHYSICAL DESCRIPTION
Extent vi, 168 p. ;
490 0# - SERIES STATEMENT
Series statement The Living Christian community series ; v. 4
504 ## - BIBLIOGRAPHY, ETC. NOTE
Bibliography, etc Includes bibliographies.
650 #0 - SUBJECT ADDED ENTRY--TOPICAL TERM
Topical term or geographic name as entry element Christian life
General subdivision Catholic authors.
650 #0 - SUBJECT ADDED ENTRY--TOPICAL TERM
Topical term or geographic name as entry element Christian communities
General subdivision Catholic Church.
9 (RLIN) 1673
650 #0 - SUBJECT ADDED ENTRY--TOPICAL TERM
Topical term or geographic name as entry element Christian communities
Geographic subdivision United States.
9 (RLIN) 51881
700 1# - ADDED ENTRY--PERSONAL NAME
Personal name Cushing, Anthony J.,
Relator term joint author.
9 (RLIN) 51882
906 ## - LOCAL DATA ELEMENT F, LDF (RLIN)
a 7
b cbc
c orignew
d 2
e ocip
f 19
g y-gencatlg
942 ## - ADDED ENTRY ELEMENTS (KOHA)
Source of classification or shelving scheme Library of Congress Classification
Koha item type Monograph ( Printed materials)
Holdings
Withdrawn status Lost status Source of classification or shelving scheme Damaged status Not for loan Home library Current library Shelving location Date acquired Total Checkouts Full call number Barcode Date last seen Price effective from Koha item type
    Library of Congress Classification     ARRUPE LIBRARY ARRUPE LIBRARY Main Collection 21/11/2022   BX2350.2 .L24 1976 46700000097 21/11/2022 21/11/2022 Monograph ( Printed materials)

 

Arrupe Library. PO Box MP320 Mt Pleasant, Harare, Zimbabwe
263 242 745411|librarian@aju.ac.zw